000
00317nam a22001337a 4500
008
170329b xxu||||| |||| 00| 0 eng d
020
_a
0915473275
041
_a
eng
080
_2
2ND
_a
616-053.2
100
_a
8
101
_a
SHM
245
_a
PLANNING FOR PREGNANCY, BIRTH AND BEYOND
_c
HOLZMAN, G.B
942
_2
udc
_c
BK
999
_c
9054
_d
9054